Biotechnology for Agriculture and Environment (Record no. 20551)

MARC details
000 -LEADER
fixed length control field 00577nam a22002057a 4500
003 - CONTROL NUMBER IDENTIFIER
control field OSt
008 - FIXED-LENGTH DATA ELEMENTS--GENERAL INFORMATION
fixed length control field 190201b xxu||||| |||| 00| 0 eng d
020 ## - INTERNATIONAL STANDARD BOOK NUMBER
International Standard Book Number 9789383284009
082 ## - DEWEY DECIMAL CLASSIFICATION NUMBER
Classification number 631.53
Item number S48B
100 ## - MAIN ENTRY--PERSONAL NAME
Personal name Singh, Pradeep Kumar.
245 ## - TITLE STATEMENT
Title Biotechnology for Agriculture and Environment
260 ## - PUBLICATION, DISTRIBUTION, ETC. (IMPRINT)
Place of publication, distribution, etc New Delhi
Name of publisher, distributor, etc Bioscientific Publishers
Date of publication, distribution, etc 2016
300 ## - PHYSICAL DESCRIPTION
Extent viii,279p.
650 ## - SUBJECT ADDED ENTRY--TOPICAL TERM
Topical term or geographic name as entry element Technology (Applied Sciences)
650 ## - SUBJECT ADDED ENTRY--TOPICAL TERM
Topical term or geographic name as entry element Agriculture and Related Technologies
650 ## - SUBJECT ADDED ENTRY--TOPICAL TERM
Topical term or geographic name as entry element Agriculture
650 ## - SUBJECT ADDED ENTRY--TOPICAL TERM
Topical term or geographic name as entry element Biotechnology
650 ## - SUBJECT ADDED ENTRY--TOPICAL TERM
Topical term or geographic name as entry element Environment
942 ## - ADDED ENTRY ELEMENTS (KOHA)
Source of classification or shelving scheme
Koha item type Books
Holdings
Withdrawn status Lost status Source of classification or shelving scheme Damaged status Not for loan Home library Current library Date acquired Source of acquisition Cost, normal purchase price Total Checkouts Full call number Barcode Date last seen Bill Date Koha item type
          Dr. Rajendra Prasad Central Agricultural University Pusa, Dr. Rajendra Prasad Central Agricultural University Pusa, 10/02/2017 B. G. B. New Delhi 1799.00   631.53 S48B 73218 01/02/2019 01/02/2019 Books
          Dr. Rajendra Prasad Central Agricultural University Pusa, Dr. Rajendra Prasad Central Agricultural University Pusa, 20/02/2019 IBPSS New Delhi 1799.00   631.53 S48B 74322 03/07/2019 03/07/2019 Books
Hosted, Implemented, Customized & Maintained by: BestBookBuddies

Powered by Koha